000 00445nam a2200121Ia 4500
008 220216s9999 xx 000 0 und d
100 _aVijayakumar K.R.
245 0 _aExploitation of high panel
260 _bWorkshop on the Latest Trends in Exploitation, Processing and Marketing of Natural Rubber, UPASI, R&D Centre for Rubber, Kottayam, India, pp. 21-24.
_c1997
650 _aControlled upward tapping
650 _aExploitation
942 _cBS
999 _c53042
_d53042